Countries with a Population Under 1 Million by Flag - Statistics

General Stats
  • This quiz has been taken 32 times
  • The average score is 35 of 39
Answer Stats
Picture Hint Answer % Correct
771,608 Bhutan
96%
869,601 Comoros
96%
896,445 Fiji
96%
625,978 Luxembourg
96%
77,265 Andorra
91%
393,244 Bahamas
91%
287,375 Barbados
91%
397,628 Belize
91%
988,000 Djibouti
91%
115,023 F.S. Micronesia
91%
341,243 Iceland
91%
119,449 Kiribati
91%
38,128 Liechtenstein
91%
441,543 Malta
91%
39,242 Monaco
91%
198,414 Samoa
91%
33,931 San Marino
91%
183,627 St. Lucia
91%
110,940 St. Vincent and the Grenadines
91%
105,695 Tonga
91%
307,145 Vanuatu
91%
97,929 Antigua and Barbuda
87%
437,479 Brunei
87%
555,987 Cape Verde
87%
71,986 Dominica
87%
786,552 Guyana
87%
540,544 Maldives
87%
628,066 Montenegro
87%
18,094 Palau
87%
219,159 São Tomé and Príncipe
87%
98,347 Seychelles
87%
686,884 Solomon Islands
87%
586,632 Suriname
87%
11,792 Tuvalu
87%
112,523 Grenada
83%
59,190 Marshall Islands
83%
10,824 Nauru
83%
53,199 St. Kitts and Nevis
83%
801 Vatican City
83%
No matching quizzes found
Score Distribution
Percent of People with Each Score
Percentile by Number Answered
Your Score History
You have not taken this quiz